000 00310nam a22001337a 4500
008 180926b xxu||||| |||| 00| 0 eng d
020 _a9780139230615
041 _aeng
080 _24 ED
_a611
100 _a6
101 _aANA
245 _aFundamentals Anatomy Physiology
_cMartin,FH
942 _2udc
_cBK
999 _c48472
_d48472